Soldaten, Kameraden ... (Record no. 4467)

MARC details
000 -LEADER
fixed length control field 00583cam a22002051 4500
001 - CONTROL NUMBER
control field af 48001344
003 - CONTROL NUMBER IDENTIFIER
control field DLC
005 - DATE AND TIME OF LATEST TRANSACTION
control field 20260227110848.0
008 - FIXED-LENGTH DATA ELEMENTS--GENERAL INFORMATION
fixed length control field 900208s1940 sw 000 0 ger c
010 ## - LIBRARY OF CONGRESS CONTROL NUMBER
LC control number af 48001344
035 ## - SYSTEM CONTROL NUMBER
System control number (OCoLC)21022745
040 ## - CATALOGING SOURCE
Original cataloging agency Yale Univ. Library
Transcribing agency CU
Modifying agency DLC
042 ## - AUTHENTICATION CODE
Authentication code premarc
050 00 - LIBRARY OF CONGRESS CALL NUMBER
Classification number D811
Item number .M357
100 1# - MAIN ENTRY--PERSONAL NAME
Personal name Mast, Hans,
Dates associated with a name 1902-
245 10 - TITLE STATEMENT
Title Soldaten, Kameraden ...
Remainder of title Vom Leben bei den Territorialen.
260 ## - PUBLICATION, DISTRIBUTION, ETC.
Place of publication, distribution, etc. Frauenfeld,
Name of publisher, distributor, etc. Huber
Date of publication, distribution, etc. [1940]
300 ## - PHYSICAL DESCRIPTION
Extent 116 p.
Dimensions 20 cm.
650 #0 - SUBJECT ADDED ENTRY--TOPICAL TERM
Topical term or geographic name entry element World War, 1939-1945
General subdivision Personal narratives, German.

No items available.

Powered by Koha